LIBRARY ONLINE CATALOGUE

Success with people : (Record no. 8025)

MARC details
000 -LEADER
fixed length control field 00748nam a22002292 4500
001 - CONTROL NUMBER
control field 0000011653
005 - DATE AND TIME OF LATEST TRANSACTION
control field 20151217152100.0
008 - FIXED-LENGTH DATA ELEMENTS--GENERAL INFORMATION
fixed length control field 081215s xx 000 0 eng d
020 ## - INTERNATIONAL STANDARD BOOK NUMBER
International Standard Book Number 0977165906 :
040 ## - CATALOGING SOURCE
Original cataloging agency KABU
Transcribing agency KABU
100 1# - MAIN ENTRY--PERSONAL NAME
Personal name Russell, David.
-- 0000167614
245 10 - TITLE STATEMENT
Title Success with people :
Remainder of title a complete system for effectively managing people in any organization /
Statement of responsibility, etc. David Russell.
250 ## - EDITION STATEMENT
Edition statement 1st ed.
260 ## - PUBLICATION, DISTRIBUTION, ETC. (IMPRINT)
Place of publication, distribution, etc. New York :
Name of publisher, distributor, etc. Barnabas Smyth,
Date of publication, distribution, etc. 2005.
300 ## - PHYSICAL DESCRIPTION
Extent 220 p.
650 #0 - SUBJECT ADDED ENTRY--TOPICAL TERM
Topical term or geographic name as entry element Personnel management.
-- 0000150761
650 #0 - SUBJECT ADDED ENTRY--TOPICAL TERM
Topical term or geographic name as entry element Management.
-- 0000083920
852 1# - LOCATION
-- p2600 KES
852 1# - LOCATION
-- p2600 KES
908 ## - PUT COMMAND PARAMETER (RLIN)
Put command parameter 081215
950 ## - LOCAL HOLDINGS (RLIN)
-- 1
Holdings
Withdrawn status Lost status Source of classification or shelving scheme Not for loan Home library Current library Date acquired Total Checkouts Full call number Barcode Date last seen Date last checked out Price effective from Koha item type
    Library of Congress Classification   Kabarak, Main Campus Kabarak, Main Campus 17/12/2015 1 HF5549 .R87 c. 1 15740 02/08/2024 20/09/2016 17/12/2015 General Collection
    Library of Congress Classification   Kabarak, Main Campus Kabarak, Main Campus 17/12/2015   HF5549 .R87 c. 2 15741 02/08/2024   17/12/2015 General Collection